00590cam a22002171 4500001001300000003000400013005001700017008004100034010001700075035002000092040002000112042001200132050001800144100003200162245003300194260003200227300002400259504003200283600004000315999001700355sa 66003902 DLC20260227112239.0850417s1965 ii b 000 0 eng  asa 66003902  a(OCoLC)11931691 aDLCcCLobSdDLC apremarc00aJC143.M4bB561 aBhattacharjee, Sisir Kanti.04aThe lawgiver of Machiavelli. aCalcutta,bBooklandc[1965] aiii, 106 p.c22 cm. aBibliography: p. [105]-106.10aMachiavelli, Niccolò,d1469-1527. c69163d69163